[Event "Challenge"]
[Site "http://www.queenalice.com/game.php?id=1481951"]
[Date "2017.6.11"]
[Round "-"]
[White "Karstax"]
[Black "omega3"]
[Result "0-1"]
[WhiteElo "1822"]
[BlackElo "2209"]

1. e4 c6 2. d4 d5 3. e5 Bf5 4. Nf3 e6 5. a3 Nd7 6. h3 Ne7 7. Bd3 c5 8. c3 Bxd3
9. Qxd3 Nc6 10. O-O Qb6 11. Re1 Na5 12. b4 cxb4 13. axb4 Nb3 14. Ra2 Nxc1 15.
Rxc1 Qc7 16. Na3 a6 17. Rb2 b5 18. Nb1 Nb6 19. Nbd2 g6 20. Ng5 h6 21. Ngf3 Be7
22. Nb3 Nc4 23. Ra2 O-O 24. Nh4 Bxh4 25. Nc5 a5 26. bxa5 Rxa5 27. Rxa5 Qxa5 28.
Nd7 Rd8 29. Nf6+ Bxf6 30. exf6 Nd6 31. Qd1 Rc8 0-1

[Event "AUTO-INT-3181"]
[Site "http://www.queenalice.com/game.php?id=1482329"]
[Date "2017.6.14"]
[Round "3"]
[White "Karstax"]
[Black "zmanomega"]
[Result "1-0"]
[WhiteElo "1847"]
[BlackElo "1690"]

1. e4 e5 2. Nf3 d6 3. c3 Bg4 4. h3 Bxf3 5. Qxf3 f6 6. Bc4 Qe7 7. d4 Nc6 8. d5
Na5 9. Bd3 O-O-O 10. c4 h6 11. b4 Nxc4 12. Bxc4 Qd7 13. O-O g5 14. Be3 Qa4 15.
Nc3 Qxb4 16. Nb5 Qxc4 17. Qg4+ Kb8 18. a4 b6 19. Rfc1 Qb4 20. Rxc7 Ne7 21. Qd1
Nc8 22. Rac1 g4 23. Qxg4 Ne7 24. Nxa7 h5 25. Nc6+ Nxc6 26. Qe6 Ne7 27. Qxf6 Rg8
28. R7c4 Qa5 29. Rb1 Rd7 30. Bxb6 Rb7 31. Bxa5 1-0

[Event "AUTO-INT-3181"]
[Site "http://www.queenalice.com/game.php?id=1482330"]
[Date "2017.6.14"]
[Round "3"]
[White "zmanomega"]
[Black "Karstax"]
[Result "1-0"]
[WhiteElo "1696"]
[BlackElo "1831"]

1. e4 e5 2. f4 exf4 3. Nf3 f6 4. Bc4 d6 5. d3 Ne7 6. Bxf4 b6 7. h3 Bb7 8. Nc3 g5
9. Nxg5 fxg5 10. Qh5+ Ng6 11. Bxg5 Qd7 12. O-O-O Nc6 13. Rhf1 Be7 14. Bf7+ Kd8
15. Bxg6 Bxg5+ 16. Qxg5+ Qe7 17. Qh6 Ne5 18. Bh5 Kc8 19. Rf6 Kd7 20. Nd5 Bxd5
21. exd5 Kc8 22. d4 Nd7 23. Rf7 Qe4 24. Bg4 Rd8 25. Bxd7+ Rxd7 26. Rxd7 Kxd7 27.
Qg5 Kc8 28. c4 Qe2 29. Qf5+ Kb7 30. Qc2 Re8 31. Qxe2 Rxe2 32. g4 Rg2 33. a4 Rg3
34. Kc2 Rxh3 35. Rd3 Rh6 36. Rb3 Rh2+ 37. Kc3 Rg2 38. a5 c5 39. dxc6+ Kxc6 40.
d5+ Kc7 41. axb6+ axb6 42. Kb4 Rxg4 43. Rh3 Rg7 44. b3 Kb7 45. Kb5 Rc7 46. Kb4
Ka6 47. Rh2 Kb7 48. Re2 h5 49. Re6 Rh7 50. Rxd6 h4 51. Kb5 h3 52. Rxb6+ Kc8 53.
Rc6+ Kd7 54. Ra6 Kd8 55. Ra8+ 1-0

[Event "AUTO-INT-3181"]
[Site "http://www.queenalice.com/game.php?id=1482331"]
[Date "2017.6.14"]
[Round "3"]
[White "Karstax"]
[Black "crapaud93600"]
[Result "0-1"]
[WhiteElo "1857"]
[BlackElo "1603"]

1. e4 d5 2. e5 g6 3. d4 e6 4. a3 Bg7 5. f4 Ne7 6. b4 b6 7. Be2 Nd7 8. Nc3 Bb7 9.
Nf3 c5 10. bxc5 bxc5 11. dxc5 Nxc5 12. Be3 O-O 13. Bxc5 Qa5 14. Bb4 Qc7 15. Bd6
Qxc3+ 16. Nd2 Qe3 17. Bxe7 Rfe8 18. Bh4 d4 19. Bf2 Qxf4 20. O-O Qxe5 21. Nc4 Qd5
22. Rb1 Qxg2# 0-1

[Event "AUTO-INT-3181"]
[Site "http://www.queenalice.com/game.php?id=1482332"]
[Date "2017.6.14"]
[Round "3"]
[White "crapaud93600"]
[Black "Karstax"]
[Result "1-0"]
[WhiteElo "1648"]
[BlackElo "1801"]

1. d4 d5 2. c4 c6 3. Nf3 f6 4. e3 e6 5. cxd5 exd5 6. Nc3 Be6 7. Be2 Bd6 8. O-O
Ne7 9. a3 Nd7 10. b4 b5 11. Bb2 O-O 12. Bd3 a5 13. Re1 axb4 14. axb4 Bxb4 15.
Rf1 Qe8 16. e4 Qg6 17. exd5 Bf5 18. Bxf5 Qxf5 19. dxc6 Nxc6 20. Rxa8 Rxa8 21. d5
Nce5 22. Nxe5 Nxe5 23. Nxb5 Ng4 24. d6 Qxb5 25. Qxg4 Bxd6 26. Qe6+ Kh8 27. Qxd6
Qxb2 28. Rd1 h6 29. h3 Qe2 30. Qd3 Qe5 31. Qf3 Ra1 32. g3 Ra4 33. Kg2 1-0

[Event "Challenge"]
[Site "http://www.queenalice.com/game.php?id=1489396"]
[Date "2017.8.9"]
[Round "-"]
[White "AlekinePb"]
[Black "Karstax"]
[Result "1-0"]
[WhiteElo "1866"]
[BlackElo "1765"]

1. c4 b6 2. d4 e6 3. Nc3 Bb4 4. Qc2 Bb7 5. Bf4 Nf6 6. e3 O-O 7. f3 d5 8. O-O-O
Nbd7 9. cxd5 exd5 10. Bd3 g6 11. g4 Qe7 12. Nh3 Bd6 13. Rhe1 c5 14. Bf1 Bxf4 15.
exf4 Qd6 16. f5 a6 17. Qd2 c4 18. Qh6 Qxh2 19. g5 Nh5 20. f6 b5 21. Re2 Qd6 22.
Re7 Ndxf6 23. gxf6 Bc6 24. Rde1 Nxf6 25. Ng5 Qf4+ 26. Kb1 Qxd4 27. Bg2 Qf4 28.
Rh1 Rae8 29. Rc7 Ba8 30. Rd7 d4 31. Nce4 Bxe4+ 32. fxe4 d3 33. Nxh7 Qxh6 34.
Nxf6+ Kg7 35. Nxe8+ Rxe8 36. Rxh6 Kxh6 37. Rxf7 Rd8 38. Kc1 g5 39. Rf6+ Kh5 40.
Rxa6 d2+ 41. Kd1 b4 42. Rc6 Rd4 43. e5 g4 44. Rb6 Kh4 45. e6 Kg3 46. e7 Kxg2 47.
e8=Q c3 48. Qa8+ Kg3 49. bxc3 bxc3 50. Rb3 Rd3 51. Qa5 Kf2 52. Rxc3 Rxc3 53.
Qxc3 g3 54. Qxd2+ Kf3 55. a4 g2 56. Qd4 Kg3 57. a5 1-0

[Event "Challenge"]
[Site "http://www.queenalice.com/game.php?id=1489405"]
[Date "2017.8.9"]
[Round "-"]
[White "AlekinePb"]
[Black "Karstax"]
[Result "1-0"]
[WhiteElo "1917"]
[BlackElo "1841"]

1. d4 d5 2. Nf3 e6 3. Bf4 Bd6 4. Bxd6 cxd6 5. e3 a6 6. Bd3 b5 7. O-O Nf6 8. Nbd2
Nc6 9. Re1 e5 10. dxe5 dxe5 11. e4 d4 12. c4 dxc3 13. Nb3 cxb2 14. Rb1 O-O 15.
Rxb2 Bb7 16. Nc5 Qb6 17. Nb3 Rad8 18. Rd2 Nb4 19. Bb1 a5 20. Nxe5 Ra8 21. Nd7
Nxd7 22. Rxd7 Rad8 23. Rxd8 Rxd8 24. Qh5 g6 25. Qc5 Qxc5 26. Nxc5 Bc6 27. a3 Nd5
28. exd5 Rxd5 29. Ne4 Kg7 30. f3 b4 31. axb4 axb4 32. Ba2 Ra5 33. Bb3 Bd5 34.
Bxd5 Rxd5 35. Rb1 Rb5 36. Nc3 Rb6 37. Nd5 Re6 38. Rxb4 Re5 39. Nf4 Rf5 40. g4
Ra5 41. Kg2 g5 42. Nh5+ Kg6 43. Rb6+ f6 44. Rxf6# 1-0

[Event "Challenge"]
[Site "http://www.queenalice.com/game.php?id=1492142"]
[Date "2017.8.29"]
[Round "-"]
[White "Karstax"]
[Black "AlekinePb"]
[Result "0-1"]
[WhiteElo "1779"]
[BlackElo "1841"]

1. e4 d6 2. d4 Nf6 3. Nc3 g6 4. Nf3 Bg7 5. b3 O-O 6. Bb2 c6 7. e5 dxe5 8. dxe5
Qxd1+ 9. Rxd1 Ng4 10. Be2 Nxe5 11. O-O Bf5 12. Bd3 Bxd3 13. cxd3 Nxf3+ 14. gxf3
Na6 15. d4 Nb4 16. f4 Rfd8 17. Ne2 Nc2 18. a4 Nb4 19. a5 c5 20. h4 h5 21. Kg2
Nc2 22. Rd2 Nxd4 23. Bxd4 cxd4 24. Ng3 Bf6 25. Kh3 e5 26. fxe5 Bxe5 27. f4 Bf6
28. Ne4 Kg7 29. f5 Be5 30. fxg6 fxg6 31. Ng5 Rd7 32. b4 Rc8 33. Rd3 Rc3 34. Rxc3
dxc3 35. Re1 c2 36. b5 Bb2 37. Ne6+ Kh6 38. Nc5 Rc7 39. Nd3 c1=Q 40. Nxc1 Rxc1
41. Re7 Ra1 42. Rxb7 Rxa5 43. Kg3 Bd4 44. Kf4 Bb6 45. Ke5 Rxb5+ 46. Kf6 Bd4+ 0-1

[Event "Challenge"]
[Site "http://www.queenalice.com/game.php?id=1493032"]
[Date "2017.9.5"]
[Round "-"]
[White "Karstax"]
[Black "AlekinePb"]
[Result "1-0"]
[WhiteElo "1820"]
[BlackElo "1940"]

1. d4 Nf6 2. c4 e5 3. e3 Bb4+ 4. Bd2 Bxd2+ 5. Nxd2 O-O 6. Bd3 exd4 7. exd4 d6 8.
Ne2 Nc6 9. d5 Ne5 10. Bc2 Re8 11. O-O Bg4 12. h3 Bh5 13. f3 a5 14. Nf4 Bg6 15.
Nxg6 hxg6 16. f4 Ned7 17. Qf3 Nc5 18. Rfe1 Qd7 19. f5 1-0

[Event "Challenge"]
[Site "http://www.queenalice.com/game.php?id=1493587"]
[Date "2017.9.9"]
[Round "-"]
[White "Karstax"]
[Black "tucuman"]
[Result "0-1"]
[WhiteElo "1828"]
[BlackElo "1876"]

1. e4 e5 2. Nf3 d6 3. c3 Nf6 4. Be2 Nxe4 5. Qa4+ Bd7 6. Qxe4 h6 7. d4 f5 8. Qc2
e4 9. Nfd2 Bc6 10. O-O Qf6 11. Na3 Be7 12. Nac4 b6 13. f3 exf3 14. Bxf3 d5 15.
Ne5 Bd7 16. Bxd5 c6 17. Bf3 Bd6 18. Ndc4 Bxe5 19. dxe5 Qg6 0-1

[Event "Challenge"]
[Site "http://www.queenalice.com/game.php?id=1493588"]
[Date "2017.9.9"]
[Round "-"]
[White "tucuman"]
[Black "Karstax"]
[Result "1-0"]
[WhiteElo "1890"]
[BlackElo "1814"]

1. e4 e5 2. Bc4 Nf6 3. d3 d5 4. exd5 Nxd5 5. Nf3 Nc6 6. Bxd5 Qxd5 7. O-O Be7 8.
Nc3 Qd8 9. Re1 Bf6 10. h3 O-O 11. a3 b6 12. b3 Bb7 13. Be3 Nd4 14. Ne4 Nxf3+ 15.
Qxf3 Qe7 16. Nxf6+ Qxf6 17. Qxf6 gxf6 18. Bh6 Rfe8 19. f3 1-0

[Event "Challenge"]
[Site "http://www.queenalice.com/game.php?id=1497921"]
[Date "2017.10.7"]
[Round "-"]
[White "AlekinePb"]
[Black "Karstax"]
[Result "1-0"]
[WhiteElo "1878"]
[BlackElo "1753"]

1. d4 d5 2. Nf3 Bf5 3. Bf4 Nf6 4. e3 b6 5. c4 c5 6. cxd5 a6 7. a4 Qxd5 8. Nc3
Qd8 9. d5 e6 10. dxe6 Bxe6 11. Be2 Nc6 12. O-O c4 13. Ng5 Bb4 14. Qxd8+ Rxd8 15.
Nxe6 fxe6 16. Bxc4 Ke7 17. Bxa6 Rhe8 18. Rac1 Na5 19. Bg5 Nb3 20. Rcd1 1-0

[Event "AUTO-ADV-4377"]
[Site "http://www.queenalice.com/game.php?id=1621377"]
[Date "2020.7.24"]
[Round "1"]
[White "IranSilva"]
[Black "Karstax"]
[Result "1-0"]
[WhiteElo "2184"]
[BlackElo "1772"]

1. c4 e6 2. g3 c6 3. Bg2 d5 4. cxd5 cxd5 5. Nf3 Nc6 6. O-O Nf6 7. d3 h6 8. b3
Be7 9. Bb2 Bd6 10. Nc3 a6 11. e4 d4 12. Ne2 e5 13. Nd2 b5 14. f4 exf4 15. gxf4
Ng4 16. Nxd4 Nb4 17. Qe2 Bd7 18. a3 Nc6 19. Nxc6 Qh4 20. h3 Bxc6 21. Qxg4 Qxg4
22. hxg4 h5 23. gxh5 Bc5+ 24. d4 Bb6 25. Bf3 O-O-O 26. Bg4+ Kb8 27. Rac1 Kb7 28.
Rxc6 Kxc6 29. Nf3 g6 30. hxg6 fxg6 31. Ne5+ Kb7 32. Nf7 Rh4 33. Be6 Re8 34. Nd6+
1-0

[Event "AUTO-ADV-4377"]
[Site "http://www.queenalice.com/game.php?id=1621378"]
[Date "2020.7.24"]
[Round "1"]
[White "Karstax"]
[Black "IranSilva"]
[Result "1-0"]
[WhiteElo "1742"]
[BlackElo "2151"]

1. e4 c5 2. Bc4 Nc6 3. d3 d6 4. h3 a6 5. a4 Rb8 6. Nc3 Ne5 7. Nf3 Nxc4 8. dxc4
g6 9. a5 Bg7 10. Nd5 Nf6 11. Nxf6+ Bxf6 12. c3 O-O 13. O-O Be6 14. Qe2 Kg7 15.
e5 dxe5 16. Nxe5 h6 17. Nf3 Qc7 18. Bd2 Rfd8 19. Rfd1 Rd7 20. Ra4 Qc6 21. Raa1
Rbd8 22. b4 cxb4 23. Ne5 Bxe5 24. Qxe5+ Kh7 25. Qe2 bxc3 26. Bxc3 Qxc4 27. Qe1
Rxd1 28. Rxd1 Rxd1 29. Qxd1 Qxc3 30. Qd8 Qxa5 31. Qxa5 1-0

[Event "AUTO-ADV-4377"]
[Site "http://www.queenalice.com/game.php?id=1621391"]
[Date "2020.7.24"]
[Round "1"]
[White "Karstax"]
[Black "dazzeechain"]
[Result "1-0"]
[WhiteElo "1816"]
[BlackElo "1660"]

1. e4 c5 2. Nf3 Nc6 3. d3 d6 4. h3 Nf6 5. Nc3 g6 6. Be3 e5 7. a3 Bg7 8. Nb1 O-O
9. c3 Be6 10. Nbd2 Qa5 11. Be2 b5 12. b4 Qb6 13. a4 a6 14. O-O Qb7 15. bxc5 bxa4
16. cxd6 Qd7 17. Bc5 Nh5 18. Qxa4 1-0

[Event "AUTO-ADV-4377"]
[Site "http://www.queenalice.com/game.php?id=1621392"]
[Date "2020.7.24"]
[Round "1"]
[White "dazzeechain"]
[Black "Karstax"]
[Result "0-1"]
[WhiteElo "1671"]
[BlackElo "1805"]

1. e4 c6 2. d4 e5 3. dxe5 Qa5+ 4. Bd2 Qxe5 5. Nc3 Nf6 6. Nf3 Qc5 7. Bd3 d6 8.
Be3 Qa5 9. O-O Be7 10. a3 h6 11. b4 Qd8 12. e5 dxe5 13. Nxe5 Nbd7 14. Nxd7 Bxd7
15. Re1 O-O 16. Ne4 b6 0-1

[Event "AUTO-ADV-4377"]
[Site "http://www.queenalice.com/game.php?id=1621393"]
[Date "2020.7.24"]
[Round "1"]
[White "Karstax"]
[Black "mascarade"]
[Result "1-0"]
[WhiteElo "1770"]
[BlackElo "1862"]

1. e4 e5 2. Nf3 Nc6 3. Bc4 b6 4. c3 h6 5. d4 exd4 6. cxd4 d6 7. h3 Bb7 8. d5 Ne5
9. Bb5+ c6 10. Be2 Nxf3+ 11. Bxf3 Nf6 12. O-O Be7 13. Nc3 Qc7 14. a3 g5 15. b4
h5 16. Bxg5 O-O-O 17. Bc1 Kb8 18. Bb2 Nd7 19. dxc6 Bxc6 20. Nd5 Bxd5 21. Bxh8
1-0

[Event "AUTO-ADV-4377"]
[Site "http://www.queenalice.com/game.php?id=1621394"]
[Date "2020.7.24"]
[Round "1"]
[White "mascarade"]
[Black "Karstax"]
[Result "1-0"]
[WhiteElo "1849"]
[BlackElo "1826"]

1. e4 e5 2. Nf3 Nc6 3. g3 a6 4. Bg2 b5 5. d3 d5 6. exd5 Qxd5 7. Nc3 Bb4 8. Bd2
Qd8 9. O-O Rb8 10. a3 Ba5 11. Re1 f6 12. d4 Qxd4 13. Nxd4 Nxd4 14. b4 Bb6 15.
Nd5 Bb7 16. c3 Bxd5 17. Bxd5 Ne7 18. Be3 Ndf5 19. Bxb6 Rxb6 20. c4 Rd6 21. Qb3
c6 22. Bg2 Nd4 23. Qd3 O-O 24. c5 Rdd8 25. Rad1 Ra8 26. a4 g6 27. axb5 axb5 28.
Ra1 Rad8 29. Ra7 Rf7 30. Rea1 Ne6 31. Qa3 Rdf8 32. Ra8 f5 33. Rxf8+ Nxf8 34. Qb3
e4 35. Ra7 Kg7 36. f3 h5 37. fxe4 1-0

[Event "AUTO-ADV-4383"]
[Site "http://www.queenalice.com/game.php?id=1622704"]
[Date "2020.8.4"]
[Round "1"]
[White "Wecker"]
[Black "Karstax"]
[Result "0-1"]
[WhiteElo "1781"]
[BlackElo "1790"]

1. e4 e5 2. Nf3 d6 3. Bc4 a6 4. O-O c6 5. c3 b5 6. Bb3 Nf6 7. d4 exd4 8. cxd4
Nxe4 9. Re1 d5 10. Nc3 Bb4 11. a3 Bxc3 12. bxc3 O-O 13. Qd3 Qf6 14. Bc2 Bf5 15.
Bg5 Qg6 16. g3 Nxg5 17. Qxf5 Nxf3+ 0-1

[Event "AUTO-ADV-4383"]
[Site "http://www.queenalice.com/game.php?id=1622705"]
[Date "2020.8.4"]
[Round "1"]
[White "Karstax"]
[Black "Wecker"]
[Result "0-1"]
[WhiteElo "1801"]
[BlackElo "1818"]

1. e4 e5 2. Nc3 Bc5 3. a3 c6 4. b4 Bd4 5. Bb2 Nf6 6. Nf3 Bxc3 7. Bxc3 d5 8. exd5
e4 9. Ne5 cxd5 10. d3 d4 11. Bb2 exd3 12. Bxd3 Qe7 13. O-O O-O 14. Bxd4 Be6 15.
Nf3 Nbd7 16. Bb2 Rfe8 17. Re1 Rad8 18. h3 Nh5 19. Ng5 Qxg5 20. Bc1 Nf4 21. Bxf4
Qxf4 22. Re4 Qf6 23. Rc1 Ne5 24. Qh5 Nxd3 25. cxd3 Rxd3 26. f4 g6 27. Qa5 Qb2
28. Ree1 Qd4+ 29. Kh1 Rxh3+ 30. gxh3 Bd5+ 31. Qxd5 Qxd5+ 32. Kg1 Rxe1+ 33. Rxe1
Qd2 34. Rf1 Qb2 35. Rf3 Kg7 36. h4 Qf6 37. Kg2 Qxh4 38. a4 Qf6 39. Kg3 h5 0-1

[Event "AUTO-ADV-4383"]
[Site "http://www.queenalice.com/game.php?id=1622718"]
[Date "2020.8.4"]
[Round "1"]
[White "rogervolei"]
[Black "Karstax"]
[Result "1-0"]
[WhiteElo "1910"]
[BlackElo "1817"]

1. e3 e5 2. a3 d5 3. Qh5 e4 4. b4 g6 5. Qe5+ Be6 6. Qxh8 Nf6 7. Bb2 Nbd7 8. h4
Qe7 9. h5 O-O-O 10. Bxf6 Nxf6 11. hxg6 fxg6 12. Rxh7 Nxh7 13. Qb2 Bg7 14. c3 Qh4
15. d4 exd3 16. Nd2 Bf5 17. Ndf3 Qe7 18. Qd2 Nf6 19. Bxd3 Ng4 20. Bxf5+ gxf5 21.
Ne2 Qh4 22. Nxh4 1-0

[Event "AUTO-ADV-4383"]
[Site "http://www.queenalice.com/game.php?id=1622719"]
[Date "2020.8.4"]
[Round "1"]
[White "Karstax"]
[Black "rogervolei"]
[Result "0-1"]
[WhiteElo "1811"]
[BlackElo "1966"]

1. e4 e6 2. a3 g6 3. d4 a6 4. e5 d6 5. exd6 Qxd6 6. Nf3 Bg7 7. c4 Ne7 8. Be2 b6
9. Be3 f5 10. O-O g5 11. Nxg5 Ng6 12. Nf3 O-O 13. Qc1 f4 14. c5 bxc5 15. dxc5
Qc6 16. Bd2 Nd7 17. Nc3 Qxc5 18. Rb1 e5 19. Ng5 Nf6 20. h3 Bf5 21. Ra1 h6 22.
Nf3 Rfd8 23. b4 Qe7 24. b5 e4 25. Nh2 axb5 26. Bxf4 c6 27. Re1 Nd5 28. Nxd5 cxd5
29. Bxh6 Rdc8 30. Bg5 Qd7 31. Qf4 Nxf4 0-1

[Event "Challenge"]
[Site "http://www.queenalice.com/game.php?id=1628740"]
[Date "2020.10.2"]
[Round "-"]
[White "jorm"]
[Black "Karstax"]
[Result "1-0"]
[WhiteElo "1823"]
[BlackElo "1786"]

1. e4 e5 2. Nc3 Nf6 3. Nf3 Nc6 4. a3 d6 5. h3 a6 6. Bc4 b5 7. Bb3 Bb7 8. d3 h6
9. Nd5 Na5 10. Ba2 c6 11. Nxf6+ Qxf6 12. b4 d5 13. bxa5 Be7 14. O-O O-O 15. c4
dxc4 16. dxc4 Bc5 17. Bb2 Rad8 18. Qe2 1-0